Cross stitch waste canvas designs / (Запис № 485559)
[ простий вигляд ]
| 000 -LEADER | |
|---|---|
| fixed length control field | 01320nam a2200301Ia 4500 |
| 001 - CONTROL NUMBER | |
| control field | crossstitchwaste00hoer |
| 003 - CONTROL NUMBER IDENTIFIER | |
| control field | CaSfIA |
| 005 - DATE AND TIME OF LATEST TRANSACTION | |
| control field | 20210118000446.0 |
| 007 - PHYSICAL DESCRIPTION FIXED FIELD--GENERAL INFORMATION | |
| fixed length control field | cr|||| |
| 008 - FIXED-LENGTH DATA ELEMENTS--GENERAL INFORMATION | |
| fixed length control field | 830125s1982 gaua 000 0 eng d |
| 040 ## - CATALOGING SOURCE | |
| Original cataloging agency | SLC |
| Transcribing agency | SLC |
| Modifying agency | CaSfIA |
| 035 ## - SYSTEM CONTROL NUMBER | |
| System control number | (OCoLC)9159848 |
| 090 ## - LOCALLY ASSIGNED LC-TYPE CALL NUMBER (OCLC); LOCAL CALL NUMBER (OCLC) | |
| Classification number (OCLC) (R) ; Classification number, CALL (RLIN) (NR) | TT778.C65 |
| Local cutter number (OCLC) ; Book number/undivided call number, CALL (RLIN) | H63x |
| 092 ## - LOCALLY ASSIGNED DEWEY CALL NUMBER (OCLC) | |
| Classification number | 746.44 |
| Item number | H672c |
| 100 1# - MAIN ENTRY--PERSONAL NAME | |
| Personal name | Hoerner, Nancy. |
| 245 10 - TITLE STATEMENT | |
| Title | Cross stitch waste canvas designs / |
| Medium | [electronic resource] |
| Statement of responsibility, etc | by Nancy Hoerner & Suzanne Weyer. |
| 260 ## - PUBLICATION, DISTRIBUTION, ETC. (IMPRINT) | |
| Place of publication, distribution, etc | Norcross, Ga. : |
| Name of publisher, distributor, etc | Plaid Enterprises, |
| Date of publication, distribution, etc | c1982. |
| 300 ## - PHYSICAL DESCRIPTION | |
| Extent | 23 p. : |
| Other physical details | ill. (some col.) ; |
| Dimensions | 28 cm. |
| 500 ## - GENERAL NOTE | |
| General note | Title from cover. |
| 506 ## - RESTRICTIONS ON ACCESS NOTE | |
| Standardized terminology for access restriction | Необхідна авторизація на https://archive.org/ (створення облікового запису безкоштовно) |
| 506 ## - RESTRICTIONS ON ACCESS NOTE | |
| Standardized terminology for access restriction | Необхідна авторизація на https://openlibrary.org/ (створення облікового запису безкоштовно) |
| 650 #0 - SUBJECT ADDED ENTRY--TOPICAL TERM | |
| Topical term or geographic name as entry element | Counted thread embroidery |
| Form subdivision | Patterns. |
| 650 #0 - SUBJECT ADDED ENTRY--TOPICAL TERM | |
| Topical term or geographic name as entry element | Cross-stitch |
| Form subdivision | Patterns. |
| 700 1# - ADDED ENTRY--PERSONAL NAME | |
| Personal name | Weyer, Suzanne. |
| 856 41 - ELECTRONIC LOCATION AND ACCESS | |
| Uniform Resource Identifier | <a href="http://www.archive.org/details/crossstitchwaste00hoer">http://www.archive.org/details/crossstitchwaste00hoer</a> |
| Public note | Free eBook from the Internet Archive |
| 856 42 - ELECTRONIC LOCATION AND ACCESS | |
| Uniform Resource Identifier | <a href="http://www.openlibrary.org/books/OL24204421M">http://www.openlibrary.org/books/OL24204421M</a> |
| Public note | Additional information and access via Open Library |
| 942 ## - ADDED ENTRY ELEMENTS (KOHA) | |
| Koha item type | ЕКнига |
Немає доступних примірників.